[Event "Lansing op"]
[Site "Lansing"]
[Date "2004.09.07"]
[Round "4"]
[White "McAuliffe, Todd"]
[Black "Nicolli, Gina"]
[Result "1-0"]
[WhiteElo "1713"]
[BlackElo "1616"]
[PlyCount "55"]
[EventDate "2004.09.03"]
[EventType "swiss"]
[EventRounds "7"]
[EventCountry "USA"]
[SourceTitle "EXT 2007"]
[Source "ChessBase"]
[SourceDate "2006.11.23"]
[SourceVersion "1"]
[SourceVersionDate "2006.11.23"]
[SourceQuality "1"]

1. e4 d6 2. d4 Nf6 3. Nc3 c6 4. Nf3 Bg4 5. h3 Bxf3 6. Qxf3 Qc7 7. Be3 Nbd7 8. Bd3 e5 9. d5 a6 10. 0-0 c5 11. a4 Be7 12. b3 0-0 13. Ne2 Nb6 14. a5 Nc8 15. Ng3 Bd8 16. Nf5 Ne7 17. Nh6+ Kh8 18. Ng4 Nxg4 19. hxg4 Ng6 20. g3 Kg8 21. Kg2 f6 22. Rh1 Nh8 23. Qf5 g6 24. Qe6+ Rf7 25. Rh2 Qd7 26. Bd2 Bc7 27. Rah1 Re8 28. Rxh7 1-0